|
|
|
|
| LEADER |
00000naa2a2200000 4500 |
| 001 |
213431 |
| 005 |
20231031193112.0 |
| 035 |
|
|
|a (RuTPU)RU\TPU\book\233219
|
| 090 |
|
|
|a 213431
|
| 100 |
|
|
|a 20120410d2004 k y0rusy50 ca
|
| 101 |
0 |
|
|a rus
|
| 102 |
|
|
|a RU
|
| 200 |
1 |
|
|a Разработка узла очистки атмосферного воздуха для технологических участков
|f Л. О. Толбанова, Е. А. Урюпина
|g науч. рук. А. И. Сечин
|
| 320 |
|
|
|a Библиогр.: 9 назв.
|
| 463 |
|
0 |
|0 (RuTPU)RU\TPU\book\77451
|y 5-89503-079-3
|t Проблемы геологии и освоения недр
|o труды Восьмого Международного симпозиума имени ак. М. А. Усова студентов и молодых ученых, посвященного 400-летию г. Томска, 5-9 апреля 2004 г., Томск
|f Администрация г. Томска; Томский политехнический университет
|v С. 837-838
|d 2004
|p 913 с.
|
| 610 |
1 |
|
|a атмосферный воздух
|
| 610 |
1 |
|
|a очистка
|
| 610 |
1 |
|
|a технологические участки
|
| 610 |
1 |
|
|a очистные установки
|
| 610 |
1 |
|
|a технологические схемы
|
| 610 |
1 |
|
|a труды учёных ТПУ
|
| 700 |
|
1 |
|a Толбанова
|b Л. О.
|c химик
|c доцент Томского политехнического университета, кандидат технических наук
|f 1982-
|g Людмила Олеговна
|2 stltpush
|3 (RuTPU)RU\TPU\pers\25503
|
| 701 |
|
1 |
|a Урюпина
|b Е. А.
|
| 702 |
|
1 |
|a Сечин
|b А. И.
|4 727
|
| 801 |
|
1 |
|a RU
|b 63413507
|c 20120410
|
| 942 |
|
|
|c BK
|